[Event "BAFDAG"]
[Site "SchemingMind.com"]
[Date "2021.11.22"]
[Round "-"]
[White "Phillip Beckett"]
[Black "aperturaf"]
[Result "0-1"]
[WhiteCountry "ENG"]
[BlackCountry "ESP"]
[WhiteElo "1430"]
[WhiteRD "55"]
[BlackElo "2390"]
[BlackRD "86"]
[GameID "717743"]

1. d4 f5 2. e3 Nf6 3. Bd3 e6 4. Nd2 c6 5. f4 Be7 6. Ngf3 O-O 7. O-O c5 8. c3 cxd4 9. exd4 b6 10. Ne5 Ba6
11. Qe2 Bxd3 12. Qxd3 Qc7 13. Ndf3 Nc6 14. Nxc6 Qxc6 15. Ne5 Qb7 16. Qf3 Ne4 17. Nd3 b5 18. Ne5 b4 19. Be3 d6 20. Nd3 bxc3
21. bxc3 Qa6 22. Nf2 Nxc3 23. Nh3 Rac8 24. d5 exd5 25. Bd4 Ne2+ 26. Kh1 Nxd4 27. Qxd5+ Kh8 28. Qxd4 Bf6 29. Qd5 Rc5 30. Qd2 Bxa1
31. Rxa1 Qc6 32. Rd1 Rc2 33. Qd5 Qxd5 34. Rxd5 Rb8 35. Ng1 Rb1 36. Rxd6 h6
0-1

[Event "BAFDAG"]
[Site "SchemingMind.com"]
[Date "2021.11.23"]
[Round "-"]
[White "mmccaffe"]
[Black "Phillip Beckett"]
[Result "1-0"]
[WhiteCountry "USA"]
[BlackCountry "ENG"]
[WhiteElo "1689"]
[WhiteRD "88"]
[BlackElo "1468"]
[BlackRD "56"]
[GameID "717744"]

1. e4 e5 2. Nf3 Nc6 3. Bb5 a6 4. Ba4 Nf6 5. O-O Be7 6. Re1 b5 7. Bb3 O-O 8. a4 Rb8 9. d3 d6 10. Nbd2 Bb7
11. axb5 axb5 12. Nf1 Nd4 13. Nxd4 exd4 14. Ng3 c5 15. Nf5 g6 16. Nxe7+ Qxe7 17. Qf3 Nh5 18. g4 Ng7 19. Bh6 Rfc8 20. Bxg7 Kxg7
21. Qg3 Qe5 22. f4 Qe7 23. g5 Qd7 24. f5 gxf5 25. exf5 Qxf5 26. Rf1 Qg6 27. Rxf7+ Kh8 28. Rf6 Qg7 29. Be6 Rf8 30. Raf1 Rxf6
31. Rxf6 Rf8 32. Rh6 Rf3 33. Qh4 Bc6 34. g6 Rf1+ 35. Kxf1 Qf8+ 36. Bf7
1-0

[Event "BAFDAG"]
[Site "SchemingMind.com"]
[Date "2021.11.23"]
[Round "-"]
[White "private napoleon"]
[Black "Phillip Beckett"]
[Result "1-0"]
[WhiteCountry "ENG"]
[BlackCountry "ENG"]
[WhiteElo "1806"]
[WhiteRD "100"]
[BlackElo "1468"]
[BlackRD "56"]
[GameID "717745"]

1. e4 e5 2. Nc3 Nf6 3. f4 d5 4. fxe5 Nxe4 5. Nf3 Nxc3 6. bxc3 Be7 7. d4 O-O 8. Bd3 c5 9. h4 c4 10. Bxh7+ Kxh7
11. Ng5+ Kg8 12. Qh5 Bxg5 13. hxg5 f5 14. g6
1-0

[Event "BAFDAG"]
[Site "SchemingMind.com"]
[Date "2021.11.23"]
[Round "-"]
[White "lawyertheologian"]
[Black "Phillip Beckett"]
[Result "1-0"]
[WhiteCountry "USA"]
[BlackCountry "ENG"]
[WhiteElo "2004"]
[WhiteRD "91"]
[BlackElo "1468"]
[BlackRD "56"]
[GameID "717746"]

1. e4 e5 2. Nc3 Nf6 3. f4 d5 4. fxe5 Nxe4 5. d3 Nxc3 6. bxc3 d4 7. Nf3 dxc3 8. d4 Be7 9. Bc4 O-O 10. O-O c5
11. d5 Bg4 12. d6 Bh4 13. g3 Bxf3 14. Qxf3 Bg5 15. Bxg5 Qb6 16. e6 Qxd6 17. e7
1-0

[Event "BAFDAG"]
[Site "SchemingMind.com"]
[Date "2021.11.27"]
[Round "-"]
[White "David Perna-Fraser"]
[Black "Phillip Beckett"]
[Result "1-0"]
[WhiteCountry "CAN"]
[BlackCountry "ENG"]
[WhiteElo "2001"]
[WhiteRD "82"]
[BlackElo "1430"]
[BlackRD "55"]
[GameID "717747"]

1. e4 e5 2. Nf3 Nc6 3. Bc4 Nf6 4. Ng5 Bc5 5. Bxf7+ Ke7 6. Bc4 Rf8 7. Nc3 Qe8 8. O-O d6 9. h3 Qg6 10. d4 exd4
11. Na4 h6 12. Nxc5 hxg5 13. Nd3 Ne5 14. Nxe5 dxe5 15. Qd3 Qxe4 16. Qa3+ Kd8 17. Qxf8+ Ne8 18. Bxg5+ Kd7 19. Bb5+ c6 20. Qe7#
1-0

[Event "BAFDAG"]
[Site "SchemingMind.com"]
[Date "2021.11.22"]
[Round "-"]
[White "Phillip Beckett"]
[Black "JAHI"]
[Result "0-1"]
[WhiteCountry "ENG"]
[BlackCountry "INT"]
[WhiteElo "1468"]
[WhiteRD "56"]
[BlackElo "2048"]
[BlackRD "65"]
[GameID "717748"]

1. d4 c6 2. e3 g6 3. Bd3 Bg7 4. f4 Kf8 5. Nf3 d6 6. O-O Bg4 7. Nbd2 Nd7 8. Qe1 Bxf3 9. Rxf3 h6 10. e4 Bxd4+
11. Kh1 Bg7 12. f5 g5 13. Nc4 Qc7 14. Ne3 h5 15. c3 Ne5 16. Nc4 Nxf3 17. gxf3 d5 18. exd5 cxd5 19. Ne3 Rd8 20. Bd2 d4
21. cxd4 Bxd4 22. Nc4 g4 23. Bb4 gxf3 24. Bf1 Nf6 25. Ne3 Rg8 26. Bh3 f2 27. Qxf2 Bxe3 28. Qxe3 Qc6+ 29. Bg2 Qxg2#
0-1

[Event "BAFDAG"]
[Site "SchemingMind.com"]
[Date "2021.11.26"]
[Round "-"]
[White "Phillip Beckett"]
[Black "Arnold Jones"]
[Result "1-0"]
[WhiteCountry "ENG"]
[BlackCountry "ENG"]
[WhiteElo "1468"]
[WhiteRD "56"]
[BlackElo "1477"]
[BlackRD "64"]
[GameID "717749"]

1. d4 Nf6 2. e3 e6 3. Bd3 d5 4. Nd2 c5 5. c3 c4 6. Bc2 b5 7. Ngf3 Nc6 8. O-O Bd6 9. e4 e5 10. exd5 Nxd5
11. dxe5 Nxe5 12. Nxe5 Qc7 13. Ndf3 f6 14. Ng4 Bxg4 15. h3 Bxf3 16. Qxf3 Nb6 17. Re1+ Be5 18. Bf4 O-O 19. Qe4 g5 20. Bxe5 fxe5
21. Qg4 Qg7 22. Qe6+ Rf7 23. Qxe5 a6 24. Qxg7+ Kxg7 25. Re6 Nd7 26. g4 Raf8 27. Rae1 Rxf2 28. Re7+ R8f7 29. Rxf7+ Rxf7 30. Re2 Nc5
31. Kg2 Nd3 32. Bxd3 cxd3 33. Rd2 Rd7 34. Kf3 Kg6 35. Ke3 Kf6 36. Rxd3 Rxd3+ 37. Kxd3 Ke5 38. Ke3 h6 39. b3 Kd5 40. Kd3 a5
41. a3 Kc5 42. Ke4 Kd6 43. Kf5 b4 44. axb4 axb4 45. cxb4 Kc6 46. Kg6
1-0

[Event "BAFDAG"]
[Site "SchemingMind.com"]
[Date "2021.11.22"]
[Round "-"]
[White "Phillip Beckett"]
[Black "Nattybridge"]
[Result "1/2-1/2"]
[WhiteCountry "ENG"]
[BlackCountry "ENG"]
[WhiteElo "1468"]
[WhiteRD "56"]
[BlackElo "1949"]
[BlackRD "78"]
[GameID "717751"]

1. d4 d5 2. e3 Nf6 3. Bd3 Nc6 4. f4 Bg4 5. Nf3 e6 6. O-O Be7 7. c3 O-O 8. Nbd2 a6 9. Qe1 b5 10. Ne5 Nxe5
11. fxe5 Nd7 12. e4 Nb6 13. h3 Bh5 14. exd5 Nxd5 15. Ne4 Bg6 16. Nf2 Bxd3 17. Nxd3 Rc8 18. Qg3 Kh8 19. Nf4 Nxf4 20. Qxf4 c5
21. Qe4 cxd4 22. cxd4 Rc4 23. Be3 a5 24. Rfc1 Kg8 25. Rxc4 bxc4 26. Rc1 Qd5 27. Qc2 Rc8 28. Qa4 Bb4 29. a3 Qe4 30. Bf2 Bd2
31. Rd1 Be3 32. Bxe3 Qxe3+ 33. Kh1 Qe2 34. Rc1 h6 35. Qc2 Qxc2 36. Rxc2 Rb8 37. Rxc4 Rxb2 38. Rc5 Rd2 39. Rxa5 Rxd4 40. g4 Re4
41. Kg2 g5 42. Kf3 Re1 43. Rb5 Kg7 44. a4 Ra1 45. a5 Ra3+ 46. Kg2= Kg6 47. Rc5 f6 48. exf6 Kxf6 49. Kh2 Ke7 50. Rc7+ Kd6
51. Rh7 Rxa5 52. Rxh6 Ra2+=
1/2-1/2

[Event "BAFDAG"]
[Site "SchemingMind.com"]
[Date "2021.11.25"]
[Round "-"]
[White "private napoleon"]
[Black "Kenny Elliott"]
[Result "1-0"]
[WhiteCountry "ENG"]
[BlackCountry "USA"]
[WhiteElo "1692"]
[WhiteRD "84"]
[BlackElo "1512"]
[BlackRD "71"]
[GameID "717752"]

1. e4 c5 2. Nf3 d6 3. d4 Bg4 4. Bb5+ Nd7 5. dxc5 Qa5+ 6. Nc3 O-O-O 7. O-O Nxc5 8. a3 Nxe4 9. Nxe4 Qxb5 10. Be3 d5
11. Nc3 Qc4 12. Qd4 Bxf3 13. gxf3 Qxd4 14. Bxd4 e6 15. Bxa7 Nf6 16. Bd4 Be7 17. Nb5 Kb8 18. Bb6 Rc8 19. c3 Nd7 20. Be3 f5
21. f4 Rhg8 22. a4 b6 23. a5 Bd8 24. axb6 Bxb6 25. Bxb6 Nxb6 26. Nd4 g5 27. Nxe6 gxf4+ 28. Kh1 Rc6 29. Nxf4 Nc4 30. Nxd5 Rg7
31. Rfe1 Kb7 32. h3 Nxb2 33. Rab1 Rd6 34. Rxb2+ Kc6 35. Rb6+ Kxd5 36. Rd1+ Kc4 37. Rbxd6 Kxc3 38. Rd7 Rxd7 39. Rxd7 h5 40. Kg2
1-0

[Event "BAFDAG"]
[Site "SchemingMind.com"]
[Date "2021.11.23"]
[Round "-"]
[White "private napoleon"]
[Black "Derek Price"]
[Result "0-1"]
[WhiteCountry "ENG"]
[BlackCountry "ENG"]
[WhiteElo "1723"]
[WhiteRD "92"]
[BlackElo "2295"]
[BlackRD "67"]
[GameID "717753"]

1. e4 c5 2. Nf3 d6 3. d4 cxd4 4. Nxd4 Nf6 5. Nc3 a6 6. Bc4 e6 7. Bb3 b5 8. Qf3 Bb7 9. a3 Nbd7 10. O-O Nc5
11. Re1 Be7 12. Bg5 O-O 13. Qe3 h6 14. Bxh6 Ng4 15. Qh3 Nxh6 16. Bxe6 fxe6 17. Nxe6 Nxe6 18. Qxe6+ Kh8 19. Nd5 Bxd5 20. exd5 Bf6
21. c3 Ra7 22. Qh3 Be5 23. Re4 Raf7 24. f3 Rf4 25. Re2 Rh4 26. Qe6 Qb6+ 27. Kf1 Rxh2 28. Ree1 Rxf3+ 29. Ke2 Qe3+ 30. Kd1 Qd3+
31. Kc1 Bf4+ 32. Qe3 Rxe3
0-1

[Event "BAFDAG"]
[Site "SchemingMind.com"]
[Date "2021.11.25"]
[Round "-"]
[White "The Stonewall"]
[Black "private napoleon"]
[Result "1-0"]
[WhiteCountry "ENG"]
[BlackCountry "ENG"]
[WhiteElo "2266"]
[WhiteRD "68"]
[BlackElo "1692"]
[BlackRD "84"]
[GameID "717754"]

1. e4 c5 2. Nf3 Nc6 3. Nc3 g6 4. d4 cxd4 5. Nxd4 Bg7 6. Nde2 d6 7. g3 Nf6 8. Bg2 O-O 9. O-O Bd7 10. h3 Rc8
11. Be3 Ne5 12. b3 b6 13. f4 Nc6 14. Qd2 Na5 15. g4 Qc7 16. g5 Nxe4 17. Nxe4 Bxa1 18. Rxa1 Qxc2 19. Qe1 Bxh3 20. Bxh3 Qxe4
21. Ng3 Qb7 22. Bxc8 Rxc8 23. Qe2 Qd7 24. Kf2 Qh3 25. Rh1
1-0

[Event "BAFDAG"]
[Site "SchemingMind.com"]
[Date "2021.11.27"]
[Round "-"]
[White "private napoleon"]
[Black "David Perna-Fraser"]
[Result "0-1"]
[WhiteCountry "ENG"]
[BlackCountry "CAN"]
[WhiteElo "1719"]
[WhiteRD "77"]
[BlackElo "2051"]
[BlackRD "81"]
[GameID "717755"]

1. e4 e5 2. Nc3 Nf6 3. f4 d5 4. fxe5 Nxe4 5. Qf3 Nxc3 6. bxc3 c5 7. d4 cxd4 8. cxd4 Qh4+ 9. Qf2 Bb4+ 10. Ke2 Qxf2+
11. Kxf2 Bc3 12. Rb1 Bxd4+ 13. Be3 Bxe3+ 14. Kxe3 Nc6 15. Bb5 Bd7 16. Bxc6 Bxc6 17. Nf3 Ke7 18. Nd4 Rhe8 19. Nxc6+ bxc6 20. Rb7+ Ke6
21. Rf1 Re7 22. Rb3 Kxe5 23. Rf3 c5 24. Rg3 d4+ 25. Kd3 f5 26. c3 Kd5 27. cxd4 c4+
0-1

[Event "BAFDAG"]
[Site "SchemingMind.com"]
[Date "2021.11.23"]
[Round "-"]
[White "JAHI"]
[Black "private napoleon"]
[Result "1-0"]
[WhiteCountry "INT"]
[BlackCountry "ENG"]
[WhiteElo "2044"]
[WhiteRD "69"]
[BlackElo "1692"]
[BlackRD "84"]
[GameID "717756"]

1. d3 g6 2. h3 Bg7 3. h4 d5 4. h5 Nc6 5. h6 Bf6 6. g3 e5 7. Bg2 Bf5 8. Kf1 Nge7 9. Nc3 O-O 10. Nf3 e4
11. Nh4 exd3 12. cxd3 Qd7 13. Nxf5 Qxf5 14. Bh3 Qe5 15. Bf4 Qd4 16. Bxc7 Bg5 17. e3 Qc5 18. d4 Qb4 19. Qe2 Nc8 20. Nxd5 Qa4
21. Bd7 Qa6 22. Qxa6 bxa6 23. Bxc6 Nb6 24. Bxa8 Rxa8 25. Nxb6 axb6 26. Bxb6 Rb8 27. Rc1 f5 28. Rc6
1-0

[Event "BAFDAG"]
[Site "SchemingMind.com"]
[Date "2021.11.27"]
[Round "-"]
[White "Arnold Jones"]
[Black "private napoleon"]
[Result "0-1"]
[WhiteCountry "ENG"]
[BlackCountry "ENG"]
[WhiteElo "1493"]
[WhiteRD "64"]
[BlackElo "1692"]
[BlackRD "84"]
[GameID "717757"]

1. Nf3 g6 2. c4 Bg7 3. e3 d6 4. d4 Nd7 5. Bd3 Ngf6 6. Nc3 O-O 7. e4 a5 8. b3 c5 9. Ne2 cxd4 10. Nfxd4 b6
11. Nb5 Nc5 12. Nec3 Nxd3+ 13. Qxd3 Bb7 14. Be3 Ng4 15. O-O Nxe3 16. Qxe3 Bc6 17. a4 Qd7 18. Qxb6 Bxb5 19. Qxb5 Qxb5 20. cxb5 Bxc3
21. Rac1 Bf6 22. f4 Rac8 23. Rc4 Rxc4 24. bxc4 Rc8 25. Rc1 Bd4+ 26. Kh1 Bb6 27. g3 Rc5 28. Kg2 e6 29. Kf3 d5 30. exd5 exd5
31. Ke2 Rxc4 32. Rxc4 dxc4 33. h3 Kf8 34. Kd2 Ke7 35. Kc3 Kd6 36. Kxc4 f5 37. g4 Be3
0-1

[Event "BAFDAG"]
[Site "SchemingMind.com"]
[Date "2021.11.23"]
[Round "-"]
[White "lawyertheologian"]
[Black "Kenny Elliott"]
[Result "1-0"]
[WhiteCountry "USA"]
[BlackCountry "USA"]
[WhiteElo "2004"]
[WhiteRD "91"]
[BlackElo "1551"]
[BlackRD "71"]
[GameID "717759"]

1. e4 c5 2. c3 d6 3. d4 cxd4 4. cxd4 Nf6 5. Nc3 g6 6. Nf3 Bg4 7. h3 Bxf3 8. Qxf3 Bg7 9. e5 dxe5 10. dxe5 Nfd7
11. Qxb7 Nc6 12. Qxc6 O-O 13. e6 Bxc3+ 14. Qxc3 Nf6 15. Bc4 Rc8 16. Bh6 Ne4 17. Qg7#
1-0

[Event "BAFDAG"]
[Site "SchemingMind.com"]
[Date "2021.11.23"]
[Round "-"]
[White "lawyertheologian"]
[Black "Derek Price"]
[Result "0-1"]
[WhiteCountry "USA"]
[BlackCountry "ENG"]
[WhiteElo "2004"]
[WhiteRD "91"]
[BlackElo "2265"]
[BlackRD "69"]
[GameID "717760"]

1. Nc3 Nf6 2. e4 d5 3. e5 Nfd7 4. e6 fxe6 5. d4 Nf6 6. Nf3 g6 7. Bf4 Bg7 8. Qd2 O-O 9. h4 c5 10. dxc5 Nc6
11. Bd3 Ng4 12. h5 e5 13. hxg6 exf4 14. Ng5 hxg6 15. Nh7 Rf5 16. O-O-O Qa5 17. Bxf5 Bxf5 18. Ng5 d4 19. Qxf4 dxc3 20. Qc4+ e6
21. Nxe6 cxb2+ 22. Kb1 Qc3 23. Qxc3 Bxc3 24. Nc7 Nb4
0-1

[Event "BAFDAG"]
[Site "SchemingMind.com"]
[Date "2021.11.24"]
[Round "-"]
[White "The Stonewall"]
[Black "lawyertheologian"]
[Result "1-0"]
[WhiteCountry "ENG"]
[BlackCountry "USA"]
[WhiteElo "2266"]
[WhiteRD "68"]
[BlackElo "2027"]
[BlackRD "87"]
[GameID "717761"]

1. e4 Nf6 2. e5 Nd5 3. Qf3 e6 4. Nc3 Nxc3 5. dxc3 d6 6. Bf4 dxe5 7. Bxe5 Nc6 8. Bb5 Bd7 9. Bg3 Bd6 10. Qe3 O-O
11. O-O-O Qe7 12. Nf3 Rae8 13. Qd3 e5 14. Nxe5 Nxe5 15. Bxe5 Qxe5 16. Bxd7 Re7 17. Bh3 Qf4+ 18. Kb1 Qxf2 19. Bf5 g6 20. Be4 Rb8
21. Rdf1 Qh4 22. Bd5 b5 23. g3 Qg5 24. Qf3 Rf8 25. Qd3 Rb8 26. Qf3 Rf8 27. Rd1 Re3 28. Qf2 Kg7 29. Rhf1 Qe5 30. Bc6 Re2
31. Qxa7 Rxh2 32. Qb7 Qe2 33. Rc1 b4 34. cxb4 Bxg3 35. a4 Bf2 36. Qxc7 Bd4 37. Bf3 Qe5 38. Qxe5+ Bxe5 39. a5 Rb8 40. Rce1 Bg3
41. a6 Bxe1 42. Rxe1
1-0

[Event "BAFDAG"]
[Site "SchemingMind.com"]
[Date "2021.11.23"]
[Round "-"]
[White "lawyertheologian"]
[Black "private napoleon"]
[Result "1-0"]
[WhiteCountry "USA"]
[BlackCountry "ENG"]
[WhiteElo "2024"]
[WhiteRD "86"]
[BlackElo "1723"]
[BlackRD "92"]
[GameID "717762"]

1. e4 c5 2. Nc3 Nc6 3. f4 g6 4. Nf3 Bg7 5. Bc4 e6 6. f5 exf5 7. d3 d6 8. O-O Nf6 9. Qe1 O-O 10. Qh4 fxe4
11. Bg5 exf3 12. Nd5 fxg2 13. Nxf6+ Bxf6 14. Rxf6 Qe8 15. Re1 Ne5 16. Rf4 Qc6 17. Re3 Nxc4 18. Bf6 h5 19. Rg3 Re8 20. Rg5 Nb6
21. Rxh5 Re1+ 22. Qxe1 gxh5 23. Qg3+ Bg4 24. Rxg4+ hxg4 25. Qh4 Qf3 26. Qh8#
1-0

[Event "BAFDAG"]
[Site "SchemingMind.com"]
[Date "2021.11.23"]
[Round "-"]
[White "lawyertheologian"]
[Black "David Perna-Fraser"]
[Result "0-1"]
[WhiteCountry "USA"]
[BlackCountry "CAN"]
[WhiteElo "2008"]
[WhiteRD "88"]
[BlackElo "2051"]
[BlackRD "81"]
[GameID "717763"]

1. Nc3 Nf6 2. e4 e5 3. f4 d5 4. fxe5 Nxe4 5. d3 Nxc3 6. bxc3 d4 7. Nf3 Nc6 8. Be2 dxc3 9. O-O Nd4 10. Kh1 Nxe2
11. Qxe2 Be7 12. d4 Be6 13. Qb5+ Qd7 14. Qxb7 Bd5 15. Qa6 Rb8 16. Ba3 Qb5 17. Qxb5+ Rxb5 18. Rab1 a6 19. Bxe7 Kxe7 20. a4 Rb6
21. Rxb6 cxb6 22. Rb1 Rb8 23. Kg1 b5 24. axb5 Rxb5 25. Rxb5 axb5 26. Ne1 Ke6 27. Kf2 Be4 28. Ke2 Kd5 29. Ke3 Bg6 30. g3 Kc4
31. g4 b4 32. h3 Bxc2 33. d5 b3 34. d6 b2 35. Nxc2 b1=Q 36. Na3+ Kb4 37. Nxb1 c2 38. d7 c1=Q+
0-1

[Event "BAFDAG"]
[Site "SchemingMind.com"]
[Date "2021.11.22"]
[Round "-"]
[White "JAHI"]
[Black "lawyertheologian"]
[Result "1/2-1/2"]
[WhiteCountry "INT"]
[BlackCountry "USA"]
[WhiteElo "2023"]
[WhiteRD "68"]
[BlackElo "2024"]
[BlackRD "86"]
[GameID "717764"]

1. d3 d5 2. g3 e5 3. Bg2 Nf6 4. Bg5 Bc5 5. e3 d4 6. Nd2 Nc6 7. Ne2 O-O 8. e4 h6 9. Bxf6 Qxf6 10. f3 Qg6
11. Kf1 f5 12. Kg1 Be6 13. h3 Ne7 14. Rh2 Bd6 15. Kh1 fxe4 16. fxe4= Rf2 17. Bf3 Rxh2+ 18. Kxh2 Rf8 19. Qh1 Qg5 20. Nf1 Ng6
21. h4 Qf6=
1/2-1/2

[Event "BAFDAG"]
[Site "SchemingMind.com"]
[Date "2021.11.27"]
[Round "-"]
[White "Arnold Jones"]
[Black "lawyertheologian"]
[Result "0-1"]
[WhiteCountry "ENG"]
[BlackCountry "USA"]
[WhiteElo "1477"]
[WhiteRD "64"]
[BlackElo "2004"]
[BlackRD "91"]
[GameID "717765"]

1. d4 f5 2. Nf3 Nf6 3. Bf4 g6 4. Nc3 Bg7 5. Ne5 d6 6. Nd3 O-O 7. f3 Nh5 8. e3 Nxf4 9. Nxf4 c6 10. Bc4+ d5
11. Bb3 e5 12. Nfe2 f4 13. e4 exd4 14. Nxd4 Kh8 15. exd5 cxd5 16. Bxd5 Nc6 17. Ne6 Bxe6 18. Bxe6 Re8 19. Qd5 Bxc3+ 20. bxc3 Qxd5
0-1

[Event "BAFDAG"]
[Site "SchemingMind.com"]
[Date "2021.11.22"]
[Round "-"]
[White "Nattybridge"]
[Black "lawyertheologian"]
[Result "1-0"]
[WhiteCountry "ENG"]
[BlackCountry "USA"]
[WhiteElo "1949"]
[WhiteRD "78"]
[BlackElo "2004"]
[BlackRD "91"]
[GameID "717767"]

1. c4 f5 2. g3 Nf6 3. Bg2 g6 4. Nc3 Bg7 5. Nf3 d6 6. d4 O-O 7. O-O c6 8. b4 e5 9. dxe5 Ng4 10. Qb3 dxe5
11. h3 e4 12. c5+ Kh8 13. hxg4 exf3 14. exf3 fxg4 15. fxg4 Bxg4 16. Bb2 Nd7 17. Ne4 Ne5 18. f4 Nd7 19. Nd6 Bxb2 20. Qxb2+ Qf6
21. Qxf6+ Rxf6 22. Rfe1 a5 23. a3 Ra7 24. Re8+ Kg7 25. Rae1 axb4 26. R1e7+ Kh6 27. axb4 Ra1+ 28. Kh2 Ra2 29. Ne4 Rf5 30. Rh8 Rh5+
31. Kg1 g5 32. Rhxh7+ Kg6 33. Reg7+ Kf5 34. Nd6+ Ke6 35. Re7+ Kf6 36. Ne8+ Kg6 37. Be4+
1-0

[Event "BAFDAG"]
[Site "SchemingMind.com"]
[Date "2021.11.27"]
[Round "-"]
[White "David Perna-Fraser"]
[Black "Kenny Elliott"]
[Result "1-0"]
[WhiteCountry "CAN"]
[BlackCountry "USA"]
[WhiteElo "2051"]
[WhiteRD "81"]
[BlackElo "1515"]
[BlackRD "74"]
[GameID "717768"]

1. e4 e5 2. Nf3 Nc6 3. Bc4 d6 4. d4 Bg4 5. h3 Bh5 6. d5 Nd4 7. g4 Bg6 8. Nxd4 Bxe4 9. Nf3 Nf6 10. Nc3 Bxf3
11. Qxf3 Be7 12. Bb5+ Nd7 13. Bxd7+ Qxd7 14. Bd2 O-O 15. O-O-O b5 16. Ne4 a5 17. g5 g6 18. Nf6+ Bxf6 19. gxf6 Rfb8 20. Qe3 Qe8
21. Qh6 Qf8 22. h4 Qxh6 23. Bxh6 b4 24. h5 a4 25. hxg6 fxg6 26. Rd3 Kf7 27. Bg7 Kg8 28. Rdh3 h5 29. Rg1 Kf7 30. Rhg3 b3
31. cxb3 axb3 32. a3 Ra5 33. Rxg6 Rc5+ 34. Kb1 Rxd5 35. Rh6 Rbb5 36. Rxh5 e4 37. Rxd5 Rxd5 38. Kc1 Rf5 39. Rg3 Rxf2 40. Rxb3 Rf5
41. Rb7 Rc5+ 42. Kd2 Ke6 43. Ke3 d5 44. Bf8 Rc6 45. Be7 Kf7 46. Rb5 Ke6 47. Rxd5 Kxd5 48. f7 Re6 49. f8=Q
1-0

[Event "BAFDAG"]
[Site "SchemingMind.com"]
[Date "2021.11.27"]
[Round "-"]
[White "David Perna-Fraser"]
[Black "Derek Price"]
[Result "1/2-1/2"]
[WhiteCountry "CAN"]
[BlackCountry "ENG"]
[WhiteElo "2080"]
[WhiteRD "84"]
[BlackElo "2334"]
[BlackRD "74"]
[GameID "717769"]

1. e4 c5 2. Nf3 d6 3. d4 cxd4 4. Nxd4 Nf6 5. Nc3 a6 6. f3 e5 7. Nb3 Be6 8. Be3 h5 9. Nd5 Bxd5 10. exd5 Nbd7
11. Qd2 g6 12. O-O-O Nb6 13. Kb1 Nfxd5 14. Bg5 Be7 15. Bxe7 Qxe7 16. Qa5 Ne3 17. Qxb6 Nxd1 18. Bc4 Nxb2 19. Kxb2 Rc8 20. Bd5 Qc7
21. Qf2 Qc3+ 22. Kb1 a5 23. Rd1 a4 24. Rd3 Qb4 25. Qd2 Qb5 26. c4 Qd7 27. Na5 O-O 28. Nxb7 Rb8 29. Qb4 Rfc8 30. Ka1 Kg7
31. Rd2 Qe7 32. Rb2 Rc5 33. a3 Rxd5 34. cxd5 f5 35. h3 Kh7 36. Qxd6 Rxb7 37. Rxb7 Qxb7 38. Qxe5 Qb3 39. Qe7+ Kh6 40. Qf8+ Kh7
41. Qe7+=
1/2-1/2

[Event "BAFDAG"]
[Site "SchemingMind.com"]
[Date "2021.11.27"]
[Round "-"]
[White "JAHI"]
[Black "David Perna-Fraser"]
[Result "1/2-1/2"]
[WhiteCountry "INT"]
[BlackCountry "CAN"]
[WhiteElo "2138"]
[WhiteRD "64"]
[BlackElo "2051"]
[BlackRD "81"]
[GameID "717770"]

1. d3 d5 2. g3 e5 3. Bg2 Nf6 4. Bg5 c6 5. Nd2 h6 6. Bxf6 Qxf6 7. h3 Bd6 8. h4 Be6 9. e3 Nd7 10. Qe2 O-O-O
11. Kf1 Bc7 12. Re1 Rdg8 13. c3 g5 14. hxg5 hxg5 15. Rxh8 Rxh8 16. b3 Kb8 17. c4 Qe7 18. Ndf3= Bd6 19. cxd5 cxd5 20. Qc2 Rc8
21. Qb1 Ba3 22. Ne2 f6 23. Rd1 Nb6 24. Ne1 Bg4 25. f3 Bf5 26. Nc2 Bd6 27. e4 Be6 28. Ne3 d4 29. Nc4 Bb4 30. Nxb6 axb6
31. Rc1 Rxc1+ 32. Qxc1 Bd7 33. g4 Bb5 34. Qc2 Qc5 35. Qd1 Ba6 36. Kg1 Qb5 37. Bf1 Qa5=
1/2-1/2

[Event "BAFDAG"]
[Site "SchemingMind.com"]
[Date "2021.11.27"]
[Round "-"]
[White "Arnold Jones"]
[Black "David Perna-Fraser"]
[Result "0-1"]
[WhiteCountry "ENG"]
[BlackCountry "CAN"]
[WhiteElo "1568"]
[WhiteRD "62"]
[BlackElo "1983"]
[BlackRD "83"]
[GameID "717771"]

1. Nf3 Nf6 2. d4 e6 3. c4 Bb4+ 4. Bd2 Qe7 5. Qc2 a5 6. e4 d5 7. cxd5 exd5 8. e5 Ne4 9. Bb5+ c6 10. Ba4 Bg4
11. Qd3 Bxf3 12. Qxf3 Bxd2+ 13. Ke2 Bh6 14. Nc3 Nxc3+ 15. bxc3 b5 16. Bc2 Nd7 17. Bf5 O-O 18. Bxd7 Qxd7 19. Rhd1 Rae8 20. Kf1 Qe7
21. Qg3 g6 22. Rd3 Qg5 23. Re1 Qxg3 24. Rxg3 Re6 25. Rh3 Bg7 26. f4 f5 27. Ke2 h5 28. Rf3 b4 29. cxb4 axb4 30. a4 bxa3
31. Rxa3 Rb8 32. Ra7 Bh6 33. Kf3 Rb3+ 34. Re3 Rb1 35. h4 Rf1+ 36. Ke2 Rxf4 37. Ra8+ Kf7 38. Rb3 Re4+ 39. Kd3 Re3+ 40. Kc2 Rxb3
41. Kxb3 Be3 42. Kc3 Kg7 43. Ra2 c5 44. dxc5 Bxc5 45. Re2 d4+ 46. Kc4 Bb6 47. Kd5 Kf7 48. Kc4 Ke7 49. Kd3 Rc6 50. Rc2 Rxc2
51. Kxc2 Ke6
0-1

[Event "BAFDAG"]
[Site "SchemingMind.com"]
[Date "2021.11.23"]
[Round "-"]
[White "Kenny Elliott"]
[Black "JAHI"]
[Result "0-1"]
[WhiteCountry "USA"]
[BlackCountry "INT"]
[WhiteElo "1551"]
[WhiteRD "71"]
[BlackElo "2048"]
[BlackRD "65"]
[GameID "717773"]

1. d4 c6 2. e4 g6 3. Nf3 Bg7 4. Bc4 d6 5. Bf4 Kf8 6. O-O Bg4 7. c3 d5 8. exd5 cxd5 9. Bb3 Nc6 10. Qd3 Bxf3
11. Qxf3 e6 12. Qg3 Nge7 13. Bc2 Kg8 14. Nd2 Qd7 15. Nb3 Re8 16. Nc5 Qc8 17. Bd3 h6 18. Bc2 Bxd4 19. cxd4 Nxd4 20. Nb3 Ne2+
0-1

[Event "BAFDAG"]
[Site "SchemingMind.com"]
[Date "2021.11.23"]
[Round "-"]
[White "Derek Price"]
[Black "JAHI"]
[Result "1-0"]
[WhiteCountry "ENG"]
[BlackCountry "INT"]
[WhiteElo "2300"]
[WhiteRD "73"]
[BlackElo "2070"]
[BlackRD "70"]
[GameID "717774"]

1. c4 c6 2. g3 g6 3. Bg2 Bg7 4. Nc3 Kf8 5. d4 h6 6. e4 h5 7. Nf3 d6 8. h3 Na6 9. O-O h4 10. g4 c5
11. dxc5 Nxc5 12. e5 Bxg4 13. hxg4 h3 14. Bh1 dxe5 15. Nh2 Qc8 16. Be3 Rb8 17. Rc1 Nf6 18. b4 Ne6 19. Nd5 Qe8 20. Re1 Rd8
21. b5 a6 22. b6 a5 23. g5 Nd7 24. c5 Nb8 25. Qg4 Nc6 26. Red1 Rc8 27. Be4 a4 28. Bxg6 fxg6 29. Qxe6 Rb8 30. Rc4 Rd8
31. Rdc1 Qf7 32. Qxf7+ Kxf7 33. Nb4 Nd4 34. Kh1 Rb8 35. Re1 Nf5 36. Rb1 Ke6 37. c6 Nd6 38. Rcc1 e4 39. c7 Rbf8 40. Nc2 Rf5
41. Rb4 Ra8 42. Na3 Rd5 43. Ng4 Kd7 44. Nc4 Nf7 45. Nd2 Nd6 46. Nxe4 a3 47. Nxd6 Rxd6 48. Re4 Rd5 49. Kh2 Bh8 50. Bc5 e6
51. Nf6+ Bxf6 52. gxf6 Ke8 53. Rh4 Rh5 54. Rxh5 gxh5 55. Be7 Rc8 56. Rg1 Kd7 57. Rd1+ Kc6 58. Rd6+ Kb5 59. f7 Ka6 60. f8=Q Rxf8
61. Bxf8 Kb5 62. c8=Q h4 63. Rd3 Ka6 64. Rxa3+ Kb5 65. Qc5#
1-0

[Event "BAFDAG"]
[Site "SchemingMind.com"]
[Date "2021.11.27"]
[Round "-"]
[White "JAHI"]
[Black "Arnold Jones"]
[Result "1-0"]
[WhiteCountry "INT"]
[BlackCountry "ENG"]
[WhiteElo "2044"]
[WhiteRD "69"]
[BlackElo "1493"]
[BlackRD "64"]
[GameID "717775"]

1. d3 d5 2. g3 Nf6 3. Bg2 c5 4. Kf1 e5 5. Bg5 Be6 6. Nd2 Nbd7 7. h3 Bd6 8. h4 Qb6 9. Bxf6 Nxf6 10. Qb1 O-O-O
11. Nh3 Ng4 12. c3 Be7 13. c4 dxc4 14. Nxc4 Bxc4 15. dxc4 g6 16. Qc2 f5 17. Bd5 h5 18. Re1 Kb8 19. e3 Nf6 20. e4 Nxd5
21. exd5 Bf6 22. f3 Qa6 23. Kg2 Rd7 24. f4 e4 25. b3 Re8 26. Rhf1 e3 27. Ng5 Bxg5 28. hxg5 Rde7 29. Re2 Re4 30. Qc3 b5
31. cxb5 Qxb5 32. Rfe1 Qd7 33. Qxc5 Rc8 34. Qa5 Rd4 35. Rxe3 Rc2+ 36. Kh3 Re4 37. a3 Ka8 38. Qa6 Qxd5 39. Rxe4 fxe4 40. Qxg6 Qd7+
41. f5 Rh2+ 42. Kxh2 Qd2+ 43. Kh3 Qxe1 44. Qc6+ Kb8 45. Qd6+ Kc8 46. Qc5+ Kb8 47. Qb4+ Qxb4 48. axb4 e3 49. Kg2 Kc8 50. g6
1-0